000 00290nam a22001337a 4500
020 _a978-81-264--1917
082 _a823
_bNAI/A
100 _aNAIR, RADHA
245 _aAPPU'S BIRTHDAY
260 _aKOTTAYAM
_bDC BOOKS
300 _a29
650 _aENGLISH SHORT STORY
_zKERALA
942 _cBK
999 _c3278
_d3278